LEARNING SKILLS FOR NURSING STUDENTS . (Record no. 869173)

MARC details
000 -LEADER
fixed length control field 00311nam a2200133Ia 4500
008 - FIXED-LENGTH DATA ELEMENTS--GENERAL INFORMATION
fixed length control field 230901s2011 xx 000 0 und d
041 ## - LANGUAGE CODE
Language code of text/sound track or separate title eng
082 ## - DEWEY DECIMAL CLASSIFICATION NUMBER
Classification number 362/DAV
100 ## - MAIN ENTRY--PERSONAL NAME
Personal name DAVIS
245 ## - TITLE STATEMENT
Title LEARNING SKILLS FOR NURSING STUDENTS .
260 ## - PUBLICATION, DISTRIBUTION, ETC.
Date of publication, distribution, etc. 2011
300 ## - PHYSICAL DESCRIPTION
Extent 220
650 ## - SUBJECT ADDED ENTRY--TOPICAL TERM
Topical term or geographic name entry element NURSING ADMINISTRATION

No items available.